[Event "Junior Online 4NCL Division 1"]
[Site "online"]
[Date "2020.10.15"]
[Round "5.75"]
[White "Ismail, Mohammed Aayan"]
[Black "Dasgupta, Avyukt"]
[Result "1-0"]
[WhiteElo "2117"]
[BlackElo "1675"]
[PlyCount "71"]
[EventDate "2020.10.15"]
[WhiteTeam "KJCA Young Kestrels A"]
[BlackTeam "Watford Juniors A"]

1. c4 c5 2. Nc3 Nc6 3. g3 g6 4. Bg2 Bg7 5. e3 e6 6. h4 h5 7. Nge2 Nge7 8. d4
cxd4 9. Nxd4 d5 10. cxd5 exd5 11. O-O O-O 12. Nde2 Bf5 13. a3 a5 14. Nxd5 Nxd5
15. Qxd5 Qc7 16. e4 Rad8 17. Qb5 Be6 18. Bf4 Qe7 19. Rfd1 Bg4 20. f3 Be6 21.
Be3 Rfe8 22. Nf4 Bd7 23. Qxb7 Ne5 24. Qa6 Rb8 25. Nd5 Qf8 26. Bd4 Bb5 27. Qxa5
Be2 28. Bxe5 Bxe5 29. Rd2 Rxb2 30. Rxb2 Bxb2 31. Ra2 Ra8 32. Qd2 Qc5+ 33. Kh2
Bxf3 34. Qxb2 Bxg2 35. Nf6+ Kf8 36. Nd7+ 1-0

[Event "Junior Online 4NCL Division 1"]
[Site "online"]
[Date "2020.10.15"]
[Round "5.76"]
[White "Demjan, Denisz"]
[Black "Ratnesan, Rajeiv"]
[Result "1/2-1/2"]
[WhiteElo "1405"]
[BlackElo "2065"]
[PlyCount "85"]
[EventDate "2020.10.15"]
[WhiteTeam "Watford Juniors A"]
[BlackTeam "KJCA Young Kestrels A"]

1. Nf3 b6 2. g3 Bb7 3. Bg2 e6 4. d3 Be7 5. e4 d5 6. Nbd2 dxe4 7. Nxe4 Bxe4 8.
dxe4 Qxd1+ 9. Kxd1 Nd7 10. Ke2 Ngf6 11. e5 Nd5 12. c4 Nb4 13. Kd2 O-O 14. a3
Na6 15. b4 Rad8 16. Ke2 c5 17. b5 Nc7 18. Bf4 g6 19. Rhd1 Ne8 20. h4 Ng7 21.
Kf1 Nf5 22. Bh3 Ng7 23. Ng5 Nh5 24. Bg2 Nxf4 25. gxf4 Bxg5 26. hxg5 Kg7 27. Rd3
Nb8 28. Rad1 Rxd3 29. Rxd3 h6 30. Rd6 hxg5 31. fxg5 Rc8 32. f4 Rc7 33. Rd8 Nd7
34. Bc6 Nf8 35. a4 Nh7 36. Kf2 Nf8 37. Kg3 Nh7 38. Kf3 Nf8 39. Ke3 Nh7 40. Kf3
Nf8 41. Ke3 Nh7 42. Rd3 Nf8 43. Rd8 1/2-1/2

[Event "Junior Online 4NCL Division 1"]
[Site "online"]
[Date "2020.10.15"]
[Round "5.77"]
[White "Watson, Mikey J"]
[Black "Khandelwal, Akshaj"]
[Result "1-0"]
[WhiteElo "2080"]
[BlackElo "1405"]
[PlyCount "67"]
[EventDate "2020.10.15"]
[WhiteTeam "KJCA Young Kestrels A"]
[BlackTeam "Watford Juniors A"]

1. e4 e6 2. d4 d5 3. e5 Nc6 4. Nf3 Nge7 5. Bd3 g6 6. O-O Bg7 7. c3 O-O 8. Bg5
b6 9. Re1 f6 10. exf6 Bxf6 11. Bh6 Rf7 12. Nbd2 Bg7 13. Bxg7 Rxg7 14. Ng5 Nf5
15. Nxe6 Bxe6 16. Rxe6 Qd7 17. Re1 Re7 18. Qg4 Rxe1+ 19. Rxe1 Re8 20. Rxe8+
Qxe8 21. Bxf5 Qe1+ 22. Nf1 Ne7 23. Be6+ Kg7 24. Bd7 Nf5 25. Bxf5 Qe7 26. Bc8
Qf6 27. h4 h5 28. Qg5 Qf4 29. Qxf4 g5 30. Qxg5+ Kf7 31. Ne3 c5 32. Nf5 cxd4 33.
Qe7+ Kg6 34. Qg7# 1-0

[Event "Junior Online 4NCL Division 1"]
[Site "online"]
[Date "2020.10.15"]
[Round "5.78"]
[White "Chan, Daniel"]
[Black "Merriman, James"]
[Result "0-1"]
[WhiteElo "1382"]
[BlackElo "1975"]
[PlyCount "130"]
[EventDate "2020.10.15"]
[WhiteTeam "Watford Juniors A"]
[BlackTeam "KJCA Young Kestrels A"]

1. e4 e6 2. Nf3 d5 3. exd5 exd5 4. c4 Nf6 5. Nc3 Bd6 6. cxd5 O-O 7. Bd3 Re8+ 8.
Be2 Bb4 9. a3 Bxc3 10. dxc3 Nxd5 11. O-O c6 12. Bc4 Be6 13. Qd4 Nd7 14. b3 N7f6
15. Bb2 Qc7 16. b4 Rad8 17. Qxa7 Nb6 18. Qa5 Bxc4 19. Rfe1 Nbd5 20. Qxc7 Nxc7
21. h3 Rxe1+ 22. Rxe1 Re8 23. Rxe8+ Ncxe8 24. Ne5 Nd6 25. Nxc4 Nxc4 26. Bc1 Ne4
27. Kf1 Nxc3 28. Ke1 Nb5 29. a4 Nc3 30. a5 Na2 31. Kd1 Nxb4 32. Bd2 Nxd2 33.
Kxd2 Nd5 34. Kd3 Nf4+ 35. Kc4 Nxg2 36. Kc5 Nf4 37. Kb6 Nd5+ 38. Kxb7 Nb4 39.
Kb6 Kf8 40. Kc5 Na6+ 41. Kxc6 Ke7 42. Kb6 Nb4 43. Kc5 Nd3+ 44. Kb6 Nb4 45. Kc5
Nd3+ 46. Kb6 Nf4 47. a6 Nd5+ 48. Kc6 Nb4+ 49. Kb6 Nxa6 50. Kxa6 f5 51. Kb5 Ke6
52. Kc4 Ke5 53. Kd3 Kf4 54. Ke2 g5 55. f3 Kg3 56. Ke3 Kxh3 57. f4 g4 58. Kf2
g3+ 59. Kg1 Kg4 60. Kg2 Kxf4 61. Kf1 Kf3 62. Kg1 g2 63. Kh2 Kf2 64. Kh3 g1=Q
65. Kh4 Qg4# 0-1

[Event "Junior Online 4NCL Division 1"]
[Site "online"]
[Date "2020.10.15"]
[Round "5.81"]
[White "Venkata Narayanan, Siddharth"]
[Black "Hamilton, Melissa"]
[Result "1-0"]
[WhiteElo "1720"]
[BlackElo "1667"]
[PlyCount "115"]
[EventDate "2020.10.15"]
[WhiteTeam "Stroud Cubs"]
[BlackTeam "Marshall Artists"]

1. d4 d5 2. Bf4 e6 3. Nf3 Nf6 4. c3 Bd6 5. Bxd6 Qxd6 6. e3 O-O 7. Be2 b6 8. O-O
c5 9. Nbd2 Bb7 10. c4 Nc6 11. cxd5 Qxd5 12. Bc4 Qd7 13. dxc5 bxc5 14. Nb3 Qxd1
15. Rfxd1 Ne4 16. Bd3 Nb4 17. Bxe4 Bxe4 18. Nxc5 Bxf3 19. gxf3 Rfc8 20. Nd3 a5
21. a3 Nxd3 22. Rxd3 Rc2 23. Rad1 g6 24. Rd8+ Rxd8 25. Rxd8+ Kg7 26. Rb8 Kf6
27. Rb5 a4 28. Kg2 h5 29. f4 Ke7 30. Rb4 f6 31. Rxa4 Rxb2 32. Ra7+ Kf8 33. a4
g5 34. fxg5 fxg5 35. Ra5 Rb4 36. Rxg5 Rxa4 37. Rxh5 Kf7 38. Kf3 Kf6 39. e4 e5
40. Rf5+ Ke6 41. h4 Ra3+ 42. Kg4 Ra1 43. h5 Rg1+ 44. Kh3 Rg7 45. Kh4 Rg8 46. h6
Rg1 47. Kh5 Rh1+ 48. Kg6 Rg1+ 49. Kh7 Rh1 50. Kg6 Rh4 51. h7 Rg4+ 52. Rg5 Rh4
53. Kg7 Rh2 54. h8=Q Rxh8 55. Kxh8 Kf6 56. Rf5+ Ke6 57. Kg7 Kd6 58. Kf6 1-0

[Event "Junior Online 4NCL Division 1"]
[Site "online"]
[Date "2020.10.15"]
[Round "5.82"]
[White "Shek, Daniel"]
[Black "Carey, Alex"]
[Result "0-1"]
[WhiteElo "1667"]
[BlackElo "1630"]
[PlyCount "70"]
[EventDate "2020.10.15"]
[WhiteTeam "Marshall Artists"]
[BlackTeam "Stroud Cubs"]

1. d4 d5 2. Bf4 Nf6 3. e3 Bf5 4. Bd3 Bg6 5. Nd2 e6 6. Ngf3 Bd6 7. Bg3 O-O 8.
Bxg6 hxg6 9. c3 Nbd7 10. Qc2 Re8 11. e4 e5 12. dxe5 Nxe5 13. Nxe5 Bxe5 14. Bxe5
Rxe5 15. O-O-O Nxe4 16. Nxe4 Rxe4 17. Kb1 c6 18. Qxe4 dxe4 19. Rxd8+ Rxd8 20.
Kc2 f5 21. b3 Kf7 22. Rd1 Rxd1 23. Kxd1 Ke6 24. Kd2 f4 25. g3 g5 26. Ke2 Ke5
27. a3 a5 28. g4 b5 29. f3 e3 30. Kd3 Kd5 31. a4 Kc5 32. h3 g6 33. axb5 cxb5
34. Ke2 a4 35. bxa4 bxa4 0-1

[Event "Junior Online 4NCL Division 1"]
[Site "online"]
[Date "2020.10.15"]
[Round "5.83"]
[White "Ashworth, Jaime"]
[Black "Love, James"]
[Result "1/2-1/2"]
[WhiteElo "1390"]
[BlackElo "1697"]
[PlyCount "141"]
[EventDate "2020.10.15"]
[WhiteTeam "Stroud Cubs"]
[BlackTeam "Marshall Artists"]

1. e4 e6 2. d4 d5 3. Nd2 c5 4. c3 Nc6 5. Ne2 Qb6 6. g3 Bd7 7. Qb3 Qxb3 8. Nxb3
cxd4 9. cxd4 dxe4 10. Bg2 Nf6 11. Nc3 Bb4 12. Bd2 Na5 13. Nxa5 Bxa5 14. Nxe4
Bxd2+ 15. Nxd2 Bc6 16. O-O Bxg2 17. Kxg2 O-O-O 18. Rac1+ Kb8 19. Nf3 Nd5 20.
Rc2 Nb4 21. Rc4 Nd3 22. Rc2 Rd7 23. Rd1 Nb4 24. Rc4 Nc6 25. Rc3 Rhd8 26. Rcd3
Nb4 27. Rb3 Nxa2 28. Ra1 Rd6 29. Rxa2 f6 30. Rd3 e5 31. Rd1 e4 32. Nh4 g6 33.
Kf1 Rxd4 34. Rxd4 Rxd4 35. Ng2 a6 36. Ke1 Rd3 37. Ra3 Rxa3 38. bxa3 f5 39. Nf4
Kc7 40. Nd5+ Kc6 41. Nb4+ Kc5 42. Ke2 a5 43. Nc2 b5 44. Ke3 Kc4 45. Kd2 b4 46.
axb4 axb4 47. Na1 b3 48. Kc1 Kc3 49. Kb1 h6 50. Nxb3 Kxb3 51. Kc1 Kc3 52. Kd1
Kd3 53. Ke1 e3 54. fxe3 Kxe3 55. Kf1 Kf3 56. Kg1 g5 57. Kf1 h5 58. Kg1 f4 59.
gxf4 Kxf4 60. Kg2 g4 61. Kf2 h4 62. Kg2 g3 63. hxg3+ hxg3 64. Kg1 Kg4 65. Kg2
Kh4 66. Kg1 Kh3 67. Kh1 Kg4 68. Kg2 Kf4 69. Kg1 Kf3 70. Kf1 Kf4 71. Kg1 1/2-1/2

[Event "Junior Online 4NCL Division 1"]
[Site "online"]
[Date "2020.10.15"]
[Round "5.84"]
[White "Deacon, Matthew"]
[Black "Sarpotdar, Angad"]
[Result "1-0"]
[WhiteElo "1645"]
[BlackElo "1367"]
[PlyCount "89"]
[EventDate "2020.10.15"]
[WhiteTeam "Marshall Artists"]
[BlackTeam "Stroud Cubs"]

1. d4 f5 2. c4 Nf6 3. Nc3 e6 4. Nf3 c6 5. g3 d5 6. Bg2 Bd6 7. O-O O-O 8. Qc2
Bd7 9. c5 Bc7 10. b4 Be8 11. a4 Bh5 12. b5 Nbd7 13. Bd2 Ne4 14. Be3 Ndf6 15.
Ra2 Ba5 16. Nd1 h6 17. Qd3 g5 18. Nd2 Ng4 19. Nb3 Nxe3 20. Nxe3 Bc7 21. Raa1 f4
22. Nc2 Bg6 23. Qd1 Qf6 24. Nb4 Ba5 25. Nxa5 g4 26. Bxe4 dxe4 27. Ra3 f3 28.
bxc6 bxc6 29. Naxc6 Qg5 30. Ne5 Bf5 31. Nxf3 gxf3 32. exf3 exf3 33. Rxf3 Bg4
34. Rxf8+ Rxf8 35. Qc2 Bf3 36. Nd3 Be4 37. Qe2 Bd5 38. Qe5 Qg4 39. Nf4 Qf3 40.
Nxd5 exd5 41. Qe6+ Rf7 42. Qg6+ Kf8 43. Qxh6+ Ke7 44. Qd6+ Ke8 45. Re1+ 1-0

[Event "Junior Online 4NCL Division 1"]
[Site "online"]
[Date "2020.10.15"]
[Round "5.85"]
[White "Hamilton, Melissa"]
[Black "Venkata Narayanan, Siddharth"]
[Result "0-1"]
[WhiteElo "1667"]
[BlackElo "1720"]
[PlyCount "108"]
[EventDate "2020.10.15"]
[WhiteTeam "Marshall Artists"]
[BlackTeam "Stroud Cubs"]

1. d4 Nf6 2. c4 e6 3. Nc3 Bb4 4. Bd2 O-O 5. e3 Bxc3 6. Bxc3 Ne4 7. Nf3 Nxc3 8.
bxc3 d6 9. Bd3 Nd7 10. Qc2 h6 11. e4 Re8 12. e5 dxe5 13. dxe5 Nc5 14. Be2 b6
15. O-O Bb7 16. Rad1 Qe7 17. Ne1 Qg5 18. f4 Qe7 19. Nd3 Be4 20. Qc1 Nxd3 21.
Bxd3 Bxd3 22. Rxd3 Qc5+ 23. Qe3 Qxc4 24. a3 Red8 25. Rfd1 Rxd3 26. Rxd3 Qc5 27.
Rd4 Qxa3 28. Qf3 Re8 29. Rd7 Qc5+ 30. Kh1 Qb5 31. Rd1 Qc5 32. h3 a5 33. Ra1 Rd8
34. Rc1 Qd5 35. Qg3 Qd2 36. Rf1 Rd3 37. Rf3 Qd1+ 38. Kh2 Rxf3 39. gxf3 Qe2+ 40.
Kh1 a4 41. Kg1 a3 42. Qh4 Qd1+ 43. Kf2 a2 44. Qe7 Qd2+ 45. Kg3 Qe1+ 46. Kg4
a1=Q 47. Qe8+ Kh7 48. Qxf7 Qg1+ 49. Kh5 Qab1 50. Qxe6 Qbg6+ 51. Qxg6+ Qxg6+ 52.
Kh4 Qd3 53. e6 Qxf3 54. e7 Qxf4+ 0-1

[Event "Junior Online 4NCL Division 1"]
[Site "online"]
[Date "2020.10.15"]
[Round "5.86"]
[White "Carey, Alex"]
[Black "Shek, Daniel"]
[Result "1-0"]
[WhiteElo "1630"]
[BlackElo "1667"]
[PlyCount "43"]
[EventDate "2020.10.15"]
[WhiteTeam "Stroud Cubs"]
[BlackTeam "Marshall Artists"]

1. e4 c5 2. Nf3 Nc6 3. d4 cxd4 4. Nxd4 e6 5. Be2 Bc5 6. Be3 Qa5+ 7. c3 Bxd4 8.
Bxd4 Nxd4 9. Qxd4 Nf6 10. O-O O-O 11. Nd2 Qc7 12. f4 b6 13. e5 Nd5 14. Bf3 Qc5
15. Qxc5 bxc5 16. c4 Ne3 17. Bxa8 Nxf1 18. Rxf1 Ba6 19. Bf3 d5 20. Rc1 dxc4 21.
Nxc4 Rb8 22. b3 1-0

[Event "Junior Online 4NCL Division 1"]
[Site "online"]
[Date "2020.10.15"]
[Round "5.87"]
[White "Love, James"]
[Black "Ashworth, Jaime"]
[Result "1-0"]
[WhiteElo "1697"]
[BlackElo "1390"]
[PlyCount "215"]
[EventDate "2020.10.15"]
[WhiteTeam "Marshall Artists"]
[BlackTeam "Stroud Cubs"]

1. e4 e6 2. Nf3 d5 3. exd5 exd5 4. d4 c6 5. Nc3 Bf5 6. Bf4 Nd7 7. Be2 Bb4 8.
O-O Ngf6 9. Re1 O-O 10. Ne5 Nxe5 11. Bxe5 Ne4 12. Bg4 Qg5 13. Bxf5 Qxf5 14.
Nxe4 Bxe1 15. Qxe1 Qxe4 16. Qxe4 dxe4 17. Re1 Rfe8 18. c3 f6 19. Bg3 Re7 20.
Bd6 Re6 21. Bf4 Rae8 22. Be3 b5 23. d5 cxd5 24. Bxa7 R8e7 25. Bc5 Rc7 26. Bb4
Ra7 27. a3 h6 28. Bc5 Rc7 29. Be3 Rce7 30. Rd1 Rd7 31. Rd4 Rc6 32. Rb4 Rb7 33.
a4 Rc4 34. Rxb5 Rxb5 35. axb5 Ra4 36. g3 Ra2 37. b4 Ra3 38. b6 Ra8 39. Bf4 Kf7
40. b7 Rd8 41. Bc7 Re8 42. b5 Ke7 43. b8=Q Rxb8 44. Bxb8 Kd7 45. b6 Kc6 46. Bc7
f5 47. Kf1 g6 48. Ke2 h5 49. Ke3 Kb7 50. h4 Kc6 51. Kd4 Kb7 52. Kxd5 Kc8 53.
Bd8 Kxd8 54. c4 Kc8 55. c5 Kb7 56. Ke5 Kc6 57. Kf6 Kb7 58. Kxg6 Kc6 59. Kxf5
Kb7 60. Kxe4 Kc6 61. Kf5 Kb7 62. f4 Kc6 63. Kg5 Kb7 64. Kxh5 Kc6 65. Kg4 Kb7
66. Kf5 Kc6 67. Ke5 Kb7 68. Kd6 Kb8 69. f5 Kb7 70. g4 Kc8 71. g5 Kb8 72. h5 Kc8
73. f6 Kd8 74. g6 Kc8 75. h6 Kd8 76. f7 Kc8 77. g7 Kb7 78. h7 Kb8 79. h8=R+ Kb7
80. g8=R Ka6 81. Kc7 Kb5 82. c6 Ka6 83. b7 Ka5 84. b8=R Ka6 85. Kd7 Ka7 86. c7
Ka6 87. c8=R Ka7 88. Ke6 Ka6 89. Kf5 Ka5 90. Kf4 Ka6 91. Kf3 Ka5 92. Kf2 Ka6
93. Kf1 Ka5 94. Ra8+ Kb5 95. Rcb8+ Kc5 96. Rgc8+ Kd5 97. Rcd8+ Kc5 98. Rdc8+
Kd5 99. Ra7 Kd6 100. Rbb7 Ke5 101. Rcd8 Ke6 102. Re7+ Kf6 103. Rdg8 Kf5 104.
Ra6 Kf4 105. Ree8 Kf5 106. Rd6 Kf4 107. Rdd8 Kf5 108. f8=Q# 1-0

[Event "Junior Online 4NCL Division 1"]
[Site "online"]
[Date "2020.10.15"]
[Round "5.88"]
[White "Sarpotdar, Angad"]
[Black "Deacon, Matthew"]
[Result "1-0"]
[WhiteElo "1367"]
[BlackElo "1645"]
[PlyCount "37"]
[EventDate "2020.10.15"]
[WhiteTeam "Stroud Cubs"]
[BlackTeam "Marshall Artists"]

1. e4 c5 2. Nc3 g6 3. f4 Bg7 4. Nf3 d6 5. Bc4 Nc6 6. O-O Nf6 7. d3 O-O 8. Bd2
a6 9. a3 b5 10. Ba2 Qb6 11. Kh1 Bg4 12. h3 Bd7 13. Rb1 Nd4 14. Be3 Nxf3 15.
Qxf3 Qc7 16. Nd5 Bc6 17. Nxc7 Rac8 18. Nd5 Ba8 19. Nxe7+ 1-0

[Event "Junior Online 4NCL Division 1"]
[Site "online"]
[Date "2020.10.15"]
[Round "5.91"]
[White "Volovich, Julia"]
[Black "Kerbel, Sasha"]
[Result "0-1"]
[WhiteElo "1885"]
[BlackElo "1765"]
[PlyCount "74"]
[EventDate "2020.10.15"]
[WhiteTeam "Cambridge Chess & Go A"]
[BlackTeam "Leicestershire Juniors 1"]

1. d4 Nf6 2. c4 e6 3. Nc3 Bb4 4. Qc2 O-O 5. a3 Bxc3+ 6. Qxc3 b6 7. Bg5 h6 8.
Bh4 Bb7 9. f3 d5 10. e3 Nbd7 11. Bd3 c5 12. Ne2 Qc7 13. O-O Rac8 14. Bg3 Qd8
15. Rfc1 Qe7 16. Qd2 e5 17. b4 cxd4 18. exd4 e4 19. fxe4 Nxe4 20. Bxe4 dxe4 21.
Qe3 f5 22. d5 Ne5 23. Bxe5 Qxe5 24. Nf4 Rf6 25. Ne6 f4 26. Qd4 Rxe6 27. Qxe5
Rxe5 28. Kf2 e3+ 29. Ke2 Ba6 30. b5 Bb7 31. Kd3 Kf7 32. Rf1 g5 33. g3 e2 34.
Rfe1 f3 35. a4 Rce8 36. Ra2 Re3+ 37. Kd2 f2 0-1

[Event "Junior Online 4NCL Division 1"]
[Site "online"]
[Date "2020.10.15"]
[Round "5.92"]
[White "Pyun, Lindsay"]
[Black "Linton, Alexander"]
[Result "0-1"]
[WhiteElo "1570"]
[BlackElo "1667"]
[PlyCount "152"]
[EventDate "2020.10.15"]
[WhiteTeam "Leicestershire Juniors 1"]
[BlackTeam "Cambridge Chess & Go A"]

1. e4 c5 2. Nf3 Nc6 3. d4 cxd4 4. Nxd4 Nf6 5. Nc3 a6 6. Be3 e5 7. Nb3 Bb4 8.
Bd3 d5 9. exd5 Nxd5 10. Bd2 Nxc3 11. Bxc3 Bxc3+ 12. bxc3 Qg5 13. O-O O-O 14.
Re1 Bg4 15. Qc1 Qf6 16. Qe3 Rfe8 17. Nd2 Rac8 18. Ne4 Qf4 19. Qxf4 exf4 20. f3
Bh5 21. Nd6 Rxe1+ 22. Rxe1 Rb8 23. Be4 Bg6 24. Nxb7 Bxe4 25. Rxe4 f5 26. Rxf4
Rxb7 27. Rxf5 Rb1+ 28. Kf2 Rb2 29. Rc5 Rxc2+ 30. Kg3 Ne7 31. a4 Ra2 32. Rc7 Kf7
33. Rc4 Ra3 34. Rf4+ Ke8 35. Rc4 Nd5 36. Re4+ Kd7 37. Rd4 Ke6 38. Re4+ Kd6 39.
Rd4 Rxc3 40. Kg4 Kc5 41. Rd2 Rc4+ 42. Kf5 Rxa4 43. Ke6 Nf4+ 44. Ke5 Ng6+ 45.
Ke6 Rd4 46. Rc2+ Rc4 47. Rd2 a5 48. Rd5+ Kb4 49. Rd1 a4 50. Rb1+ Kc3 51. Rc1+
Kb3 52. Rb1+ Kc2 53. Re1 a3 54. Re2+ Kb3 55. Re3+ Rc3 56. Re1 a2 57. Kf7 Kb2
58. Re2+ Rc2 59. Re1 a1=Q 60. Rxa1 Kxa1 61. Kxg7 Rxg2 62. Kxh7 Nf4 63. Kh6
Rxh2+ 64. Kg5 Rf2 65. Kxf4 Kb2 66. Kg4 Kc3 67. f4 Kd4 68. f5 Rf1 69. Kg5 Ke5
70. f6 Rf5+ 71. Kg6 Rxf6+ 72. Kg7 Ke6 73. Kg8 Rf7 74. Kh8 Kf6 75. Kg8 Kg6 76.
Kh8 Rf8# 0-1

[Event "Junior Online 4NCL Division 1"]
[Site "online"]
[Date "2020.10.15"]
[Round "5.93"]
[White "Volovich, Andrew"]
[Black "Moughtin-Leay, John"]
[Result "1-0"]
[WhiteElo "1502"]
[BlackElo "1547"]
[PlyCount "141"]
[EventDate "2020.10.15"]
[WhiteTeam "Cambridge Chess & Go A"]
[BlackTeam "Leicestershire Juniors 1"]

1. e4 e5 2. Nf3 Nf6 3. Nxe5 Nc6 4. Nxc6 dxc6 5. Nc3 Bc5 6. Be2 Qd4 7. O-O Nxe4
8. Nxe4 Qxe4 9. Re1 Qf4 10. Bf3+ Be6 11. c3 O-O-O 12. d4 Qh4 13. g3 Qh3 14. Bg2
Qg4 15. Qxg4 Bxg4 16. dxc5 Rhe8 17. Rxe8 Rxe8 18. Be3 h6 19. h3 Bh5 20. g4 Bg6
21. Rd1 f5 22. Rd4 fxg4 23. Rxg4 Re6 24. Bf1 Kd8 25. Bc4 Re4 26. Rxe4 Bxe4 27.
Kh2 h5 28. Kg3 g6 29. Bg5+ Kd7 30. f3 Bf5 31. h4 b6 32. cxb6 cxb6 33. Kf4 Kd6
34. Ke3 b5 35. Bd3 Ke5 36. f4+ Ke6 37. Bxf5+ Kxf5 38. Kd4 Ke6 39. Kc5 Kd7 40.
c4 bxc4 41. Kxc4 Kc7 42. Kc5 Kd7 43. b4 Kc7 44. a4 Kd7 45. b5 cxb5 46. Kxb5 Kc7
47. Bf6 Kb7 48. Bd4 a6+ 49. Ka5 Kc6 50. Kxa6 Kd5 51. Bf6 Kc6 52. Ka5 Kc5 53.
Be7+ Kc6 54. Kb4 Kb6 55. Kc4 Ka5 56. Kd5 Kxa4 57. Ke5 Kb5 58. Kf6 Kc4 59. Kxg6
Kd4 60. f5 Ke5 61. f6 Ke6 62. Kxh5 Kf7 63. Kh6 Kg8 64. Kg6 Kh8 65. Kf7 Kh7 66.
Kf8 Kh8 67. f7 Kh7 68. Ke8 Kg7 69. f8=Q+ Kh7 70. Qf7+ Kh6 71. Bg5# 1-0

[Event "Junior Online 4NCL Division 1"]
[Site "online"]
[Date "2020.10.15"]
[Round "5.94"]
[White "Mehta, Sophie"]
[Black "Xu, Albert"]
[Result "0-1"]
[WhiteElo "1405"]
[BlackElo "1450"]
[PlyCount "76"]
[EventDate "2020.10.15"]
[WhiteTeam "Leicestershire Juniors 1"]
[BlackTeam "Cambridge Chess & Go A"]

1. e4 e5 2. Nf3 Nc6 3. Bc4 Bc5 4. O-O Nf6 5. Nc3 O-O 6. d3 h6 7. h3 a6 8. a3 b5
9. Ba2 d6 10. Bd5 Nxd5 11. Nxd5 Ne7 12. Nxe7+ Qxe7 13. Be3 Bxe3 14. fxe3 Be6
15. Nd2 c6 16. d4 exd4 17. exd4 Qg5 18. Nf3 Qe3+ 19. Kh1 Qxe4 20. Nd2 Qg6 21.
c3 Rad8 22. Qf3 Bd5 23. Qf2 Qd3 24. Rad1 Qxh3+ 25. Kg1 Qg4 26. Rfe1 Rde8 27.
Nf1 Bb3 28. Rd2 Rxe1 29. Qxe1 f5 30. Ne3 Qg5 31. d5 f4 32. Nc2 Bxd5 33. Nb4 f3
34. Nxd5 cxd5 35. Qe6+ Kh8 36. Rf2 Rf6 37. Qh3 Qe3 38. gxf3 Rg6+ 0-1

[Event "Junior Online 4NCL Division 1"]
[Site "online"]
[Date "2020.10.15"]
[Round "5.95"]
[White "Kerbel, Sasha"]
[Black "Volovich, Julia"]
[Result "0-1"]
[WhiteElo "1765"]
[BlackElo "1885"]
[PlyCount "136"]
[EventDate "2020.10.15"]
[WhiteTeam "Leicestershire Juniors 1"]
[BlackTeam "Cambridge Chess & Go A"]

1. e4 e6 2. d4 d5 3. e5 c5 4. c3 Nc6 5. Nf3 Qb6 6. Bd3 Bd7 7. dxc5 Bxc5 8. O-O
a5 9. a4 Nge7 10. Na3 Na7 11. Qe2 Ng6 12. Nc2 O-O 13. Ncd4 Qc7 14. Re1 f6 15.
Bd2 Nxe5 16. Nxe5 fxe5 17. Qxe5 Qxe5 18. Rxe5 Nc6 19. Rh5 g6 20. Rh4 e5 21. Nf3
e4 22. Bxe4 dxe4 23. Rxe4 Rae8 24. Rae1 Rxe4 25. Rxe4 Re8 26. Rc4 Ba7 27. Kf1
Ne5 28. Nxe5 Rxe5 29. Bf4 Rf5 30. Bg3 Rc5 31. Rd4 Be8 32. Rd8 Kf7 33. Bf4 Bxa4
34. Be3 Bb5+ 35. Ke1 Re5 36. Kd2 Bxe3+ 37. fxe3 Bc6 38. g3 Rf5 39. Ke2 Bf3+ 40.
Kd2 Rd5+ 41. Rxd5 Bxd5 42. Kd3 Ke6 43. Kd4 Bc6 44. e4 a4 45. h3 g5 46. h4 g4
47. c4 h6 48. e5 h5 49. Kc5 Kxe5 50. Kb4 Kd4 51. b3 axb3 52. Kxb3 Ke3 53. Kc3
Kf3 54. Kd2 Kxg3 55. Ke1 Kxh4 56. Kf2 Kg5 57. Kg3 h4+ 58. Kh2 Kf4 59. Kg1 g3
60. c5 h3 61. Kf1 h2 62. Ke2 Be4 63. Kd2 h1=Q 64. c6 Bxc6 65. Ke2 Qf3+ 66. Ke1
Qf2+ 67. Kd1 g2 68. Kc1 g1=Q# 0-1

[Event "Junior Online 4NCL Division 1"]
[Site "online"]
[Date "2020.10.15"]
[Round "5.96"]
[White "Linton, Alexander"]
[Black "Pyun, Lindsay"]
[Result "0-1"]
[WhiteElo "1667"]
[BlackElo "1570"]
[PlyCount "110"]
[EventDate "2020.10.15"]
[WhiteTeam "Cambridge Chess & Go A"]
[BlackTeam "Leicestershire Juniors 1"]

1. e4 e5 2. Nf3 Nc6 3. Bc4 Bc5 4. c3 Nf6 5. d3 h6 6. Bf4 exf4 7. d4 Bb6 8. e5
Ne4 9. O-O O-O 10. d5 Ne7 11. b4 Ng6 12. Bd3 Nxf2 13. Rxf2 Bxf2+ 14. Kxf2 d6
15. Bxg6 fxg6 16. e6 c6 17. c4 Qb6+ 18. Kf1 Qxb4 19. Qd4 cxd5 20. Qxd5 Kh8 21.
a3 Qb2 22. Qxd6 Qf6 23. Nd4 Re8 24. Nc3 Bxe6 25. Ne4 Bxc4+ 26. Kg1 Rxe4 27.
Qxf6 gxf6 28. Nf3 Rae8 29. Rd1 Be2 30. Rd7 Bxf3 31. gxf3 Re1+ 32. Kg2 R8e2+ 33.
Kh3 Re7 34. Rd8+ Kg7 35. Ra8 a6 36. Kg2 R1e3 37. Ra7 Rxa3 38. h3 Ra2+ 39. Kf1
Rh2 40. Kg1 Rxh3 41. Kg2 Rh5 42. Ra8 Rc5 43. Kh3 a5 44. Rb8 b5 45. Rd8 b4 46.
Rd2 b3 47. Rd8 Rb5 48. Rd1 b2 49. Rb1 a4 50. Kg2 a3 51. Kf2 a2 52. Re1 b1=Q 53.
Rxe7+ Kf8 54. Re2 a1=Q 55. Re4 Qf1# 0-1

[Event "Junior Online 4NCL Division 1"]
[Site "online"]
[Date "2020.10.15"]
[Round "5.97"]
[White "Moughtin-Leay, John"]
[Black "Volovich, Andrew"]
[Result "1-0"]
[WhiteElo "1547"]
[BlackElo "1502"]
[PlyCount "105"]
[EventDate "2020.10.15"]
[WhiteTeam "Leicestershire Juniors 1"]
[BlackTeam "Cambridge Chess & Go A"]

1. d4 d5 2. c4 e6 3. Nc3 Nf6 4. cxd5 exd5 5. Bf4 Be7 6. f3 O-O 7. e4 dxe4 8.
fxe4 Bb4 9. Qd3 Qe7 10. e5 Nd5 11. Bd2 Bxc3 12. bxc3 f6 13. Nf3 Bg4 14. Qc4 c6
15. Qe2 fxe5 16. Qxe5 Qxe5+ 17. Nxe5 Re8 18. Bc4 Nd7 19. Bxd5+ cxd5 20. Bf4 g5
21. Bg3 h5 22. h3 Bf5 23. O-O Rf8 24. Rxf5 Rxf5 25. Nxd7 h4 26. Be5 Rd8 27.
Nf6+ Kf7 28. Rf1 Rxf1+ 29. Kxf1 Rc8 30. Nxd5 Ke6 31. Nc7+ Kd7 32. Kf2 Rf8+ 33.
Ke2 Rf7 34. Nb5 a6 35. Nd6 b5 36. Nxf7 Ke6 37. Nxg5+ Kd5 38. Nf3 Kc4 39. Kd2 a5
40. Nxh4 b4 41. Nf5 bxc3+ 42. Kc2 Kb4 43. Ne3 a4 44. d5 Ka3 45. Kxc3 Kxa2 46.
Kc2 a3 47. Bg3 Ka1 48. Kb3 Kb1 49. Kxa3 Ka1 50. d6 Kb1 51. d7 Kc1 52. d8=Q Kb1
53. Qd1# 1-0

[Event "Junior Online 4NCL Division 1"]
[Site "online"]
[Date "2020.10.15"]
[Round "5.98"]
[White "Xu, Albert"]
[Black "Mehta, Sophie"]
[Result "0-1"]
[WhiteElo "1450"]
[BlackElo "1405"]
[PlyCount "60"]
[EventDate "2020.10.15"]
[WhiteTeam "Cambridge Chess & Go A"]
[BlackTeam "Leicestershire Juniors 1"]

1. e4 e6 2. d4 d5 3. e5 c5 4. c3 Nc6 5. Nf3 Bd7 6. Be3 Qb6 7. Qd2 cxd4 8. cxd4
Bb4 9. Nc3 Nge7 10. a3 Bxc3 11. Qxc3 O-O 12. Bd3 Rac8 13. Qd2 Rc7 14. O-O Rfc8
15. b4 a5 16. Rab1 axb4 17. axb4 Ra8 18. Nh4 Ra4 19. f4 Rxb4 20. Rxb4 Qxb4 21.
Qf2 Qc3 22. Bb1 Nb4 23. Qg3 Nd3 24. Qh3 Bb5 25. Rd1 Nb2 26. Bxh7+ Kxh7 27. Rc1
Qa5 28. Nf5+ Kg8 29. Nd6 Rxc1+ 30. Bxc1 Qe1# 0-1

[Event "Junior Online 4NCL Division 1"]
[Site "online"]
[Date "2020.10.15"]
[Round "5.101"]
[White "Badacsonyi, Frankie"]
[Black "Wu, Yuxuan"]
[Result "1-0"]
[WhiteElo "1660"]
[BlackElo "1652"]
[PlyCount "67"]
[EventDate "2020.10.15"]
[WhiteTeam "Muswell Hill Bishops"]
[BlackTeam "Young Dragons"]

1. d4 Nf6 2. Bg5 d6 3. Bxf6 gxf6 4. e3 e5 5. Bc4 Be6 6. Bxe6 fxe6 7. Qh5+ Ke7
8. dxe5 dxe5 9. Nc3 Nc6 10. Rd1 Qe8 11. Qh4 Rd8 12. Rxd8 Qxd8 13. Nf3 a5 14.
O-O Nb4 15. Rd1 Qe8 16. Nxe5 Bg7 17. a3 Nc6 18. Rd7+ Qxd7 19. Nxd7 Kxd7 20. Ne4
Ke7 21. Qg3 Kf7 22. Qxc7+ Kg6 23. h4 h5 24. Qxb7 Ne5 25. f4 Ng4 26. Nd6 Rf8 27.
Qe4+ f5 28. Qxe6+ Rf6 29. Qe8+ Kh6 30. Nf7+ Kh7 31. Ng5+ Kh6 32. c4 Rf8 33.
Qe6+ Rf6 34. Qg8 1-0

[Event "Junior Online 4NCL Division 1"]
[Site "online"]
[Date "2020.10.15"]
[Round "5.102"]
[White "Chung, Daniel"]
[Black "Bird, Max"]
[Result "0-1"]
[WhiteElo "1562"]
[BlackElo "1675"]
[PlyCount "89"]
[EventDate "2020.10.15"]
[WhiteTeam "Young Dragons"]
[BlackTeam "Muswell Hill Bishops"]

1. d4 d5 2. c4 c6 3. Nc3 Nf6 4. Nf3 e6 5. Bg5 Be7 6. e3 h6 7. Bh4 Nbd7 8. Be2
O-O 9. O-O b6 10. a4 Bb7 11. cxd5 Nxd5 12. Nxd5 cxd5 13. Bxe7 Qxe7 14. Rc1 Rac8
15. Qd2 Rxc1 16. Rxc1 Rc8 17. Bd3 Rxc1+ 18. Qxc1 Nf6 19. Qc3 Qd6 20. g3 Qc6 21.
Qxc6 Bxc6 22. b3 Nd7 23. Ba6 Nf6 24. Ne5 Ba8 25. Kg2 Ne4 26. Bd3 Nd2 27. Bc2 f6
28. Nf3 Nxf3 29. Kxf3 Kf7 30. Kf4 a5 31. g4 g5+ 32. Kf3 Bb7 33. Ke2 Ba6+ 34.
Kf3 b5 35. Bd3 bxa4 36. Bxa6 a3 37. b4 axb4 38. e4 a2 39. exd5 exd5 40. Bb7
a1=Q 41. Bxd5+ Ke7 42. Ke4 Qe1+ 43. Kf5 Qxf2+ 44. Kg6 Qxd4 45. Bg8 0-1